Týdenník, aneb, Cýsařské Králowské Národnj Nowiny z obzwlásstnjho Cýs. král. dowolenj

Bibliographic Details
Format: Microfilm Newspaper
Language:Czech
Published: Bratislava Jur Palkovič 1812-1818
Subjects:

MARC

LEADER 00000nas a2200000 a 4500
001 vtls009285023
003 SK-MaSNL
005 20260228161456.0
007 hd bfa007baap
007 hd bfa007babp
007 hd afa007bacp
008 080414d18121818xo wr naa 0 0cze
040 |a SNK  |b slo  |c SNK  |e AACR2 
041 0 |a cze 
044 |a xo  |c SK 
245 0 0 |a Týdenník, aneb, Cýsařské Králowské Národnj Nowiny z obzwlásstnjho Cýs. král. dowolenj  |h mikroforma 
260 |a Bratislava  |b Jur Palkovič  |c 1812-1818  |f Dedičia Belnayho 
310 |a Týždenne  |b 1812-1818 
340 |a Mikrofilm  |b 35 mm 
362 0 |a 1812-1818 
533 |a Mikrofilm  |m 1812  |b Martin  |c Matica slovenská  |d 1997  |e 1 mikrofilmová cievka ; 35 mm 
655 7 |a mikrofilmy  |2 SNKPH  |9 266443 
655 7 |a noviny  |2 SNKPH  |9 72987 
776 0 |c Tlačený dokument  |n sign. ČSD 35  |t Týdenník 
910 |a snk 
999 |c 5484  |d 7414 
952 |0 0  |1 0  |4 0  |7 0  |8 5  |d 2008-04-14  |i snk2010/18482  |l 0  |o snkMP 352  |p 17A0577714  |r 2026-02-21 22:30:23  |t 3.7.1812-24.12.1812  |w 2026-02-21  |y PREZ 
952 |0 0  |1 0  |4 0  |7 0  |8 5  |a SNKDIV  |b SNKDIV  |d 2008-04-14  |l 0  |o snkMA 352  |p 17A0577712  |r 2026-02-21 22:32:49  |w 2026-02-21  |y NEVYP 
952 |0 0  |1 0  |4 0  |7 0  |8 5  |a SNKDIV  |b SNKDIV  |d 2008-04-14  |l 0  |o snkMM 352  |p 17A0577713  |r 2026-02-21 22:32:49  |w 2026-02-21  |y NEVYP